| 000 | 01300nam0a22002771 4500 | ||
|---|---|---|---|
| 001 | v19\rc\1747540 | ||
| 005 | 20250619061433.0 | ||
| 035 | _a(NLR Aleph) 004852624 | ||
| 090 |
_a4935935 _c4935935 |
||
| 100 | _a20061204d1902 |||y0rusy50 ca | ||
| 101 | 0 | _arus | |
| 102 | _aRU | ||
| 105 | _ay z ||||| | ||
| 200 | 1 |
_aСметы на устройство отопления и вентиляции зданий, канализации, водоснабжения, освещения, телефона и проч. в Колонии для душевнобольных в Ляхове, Нижегородского губернского земства _fСост. губ. зем. техник инж.-технол. Д.Ю. Бехли |
|
| 210 |
_aНижний-Новгород _cтипо-лит. В. Ройского и С. Душина _d1902 |
||
| 215 |
_aVI, 123 с. _d25 |
||
| 700 | 1 |
_aБехли _bД.Ю. _gДмитрий Юльевич _4220 |
|
| 712 | 0 | 2 |
_aНижегородская губ. земская психиатрическая колония _cс. Ляхово |
| 801 | 0 |
_aRU _bNLR _gpsbo |
|
| 801 | 0 |
_aRU _bRuMoRGB _2psbo |
|
| 801 | 1 |
_aRU _bProSoft-M _2rusmarc |
|
| 852 |
_aNLR _bЗем _j22/117 |
||
| 899 |
_aRuMoRGB _jA 292/13 |
||
| 899 |
_aRuMoRGB _jF 193/184 |
||
| 942 | _cBOOK | ||
| 980 | _aNB | ||